000 00315nam a2200121Ia 4500
008 240731s9999 xx 000 0 und d
022 _a1521-0618
245 0 _aMarine Georesources & Geotechnology
260 _bTaylor & Francis
856 _uhttps://www.tandfonline.com/loi/umgt20
942 _2ddc
942 _cTFEJ
999 _c78478
_d78478
945 _a1
_bMadushi Gamage
_c1
_dMadushi Gamage